[Event "Novorossiysk Small Land Blitz op"]
[Site "Novorossiysk"]
[Date "2023.07.29"]
[Round "2"]
[White "Makarian, Rudik"]
[Black "Dogadaev, Sergey"]
[Result "1-0"]
[WhiteElo "2541"]
[BlackElo "1364"]
[PlyCount "41"]
[EventDate "2023.07.29"]
[EventType "swiss (blitz)"]
[EventRounds "13"]
[EventCountry "RUS"]
[SourceTitle "CBM 215 Extra"]
[Source "ChessBase"]
[SourceDate "2023.09.30"]
[SourceVersion "1"]
[SourceVersionDate "2023.09.30"]
[SourceQuality "1"]

1. d4 d5 2. c4 e6 3. Nf3 Nf6 4. g3 dxc4 5. Bg2 c5 6. 0-0 Nc6 7. Qa4 Bd7 8. Qxc4 b5 9. Qd3 c4 10. Qc2 Qb6 11. Rd1 Be7 12. e4 0-0 13. Qe2 Rfd8 14. Be3 Qc7 15. Bf4 Qb6 16. d5 exd5 17. exd5 Nb4 18. Qxe7 Nd3 19. Be3 Qa5 20. Ne5 Re8 21. Qxf7+ 1-0